000 01094naa a22002897a 4500
001 BR8704587
003 BR-BrBNA
005 20240918175827.0
007 ta
008 230509b bl.||||| |||| 00| 0 por d
040 _aBR-BrBNA
_bpor
_cBiblioteca Nacional de Agricultura
041 _a(Pt)
072 _aF30
_b1440
090 _aF30 BR8704587
100 1 _aMartins, R.P.
100 1 _aSilva, W.C. da
100 1 _aSantos, M. de L.B. dos
111 1 _a3. Seminario de Pesquisa Agropecuaria do Piaui
_cTeresina, PI (Brazil)
_d5-8 Oct 1982
245 1 _aAvaliacao de cultivares de feijao caupi (Vigna unguiculata (L.)Walp.). Ensaio regional 1 e 2
260 3 _aTeresina, PI (Brasil):
_c1984.
500 _aAnais do 3. Seminario de Pesquisa Agropecuaria do Piaui Teresina, PI (Brasil): 1984. p. 55-61 (BR8704587-AM)F30
650 _aFEIJAO DE CORDA
650 _aCOMPORTAMENTO DE VARIEDADE
773 0 _tAnais do 3. Seminario de Pesquisa Agropecuaria do Piaui
_wF30 BR8704587
_gTeresina, PI (Brasil), 1984. p. 55-61
909 _a202404
_bLucia
_c55
_dLucia Elande
942 _cAM
_2AGRIS
999 _c318321
_d318321